[Event "Belp op"]
[Site "Belp"]
[Date "2015.05.24"]
[Round "3"]
[White "Claude, Roger Daniel"]
[Black "Duruz, Noe"]
[Result "0-1"]
[WhiteElo "1785"]
[BlackElo "2039"]
[PlyCount "76"]
[EventDate "2015.05.23"]
[EventType "swiss"]
[EventRounds "5"]
[EventCountry "SUI"]
[SourceTitle "EXT 2016"]
[Source "ChessBase"]
[SourceDate "2015.10.08"]
[SourceVersion "1"]
[SourceVersionDate "2015.10.08"]
[SourceQuality "1"]

1. d4 Nf6 2. c4 e6 3. Nf3 d5 4. Nc3 Bb4 5. cxd5 exd5 6. Bg5 c6 7. Bxf6 Qxf6 8. e3 Bf5 9. Be2 Nd7 10. 0-0 0-0 11. Qb3 Bd6 12. Rfc1 Rab8 13. Na4 Bg4 14. Qd1 Qh6 15. g3 Rfe8 16. Nh4 Bxe2 17. Qxe2 Qf6 18. Qf3 Qd8 19. Nf5 Bf8 20. Nc5 g6 21. Nxd7 Qxd7 22. Nh4 b6 23. Rc2 c5 24. dxc5 bxc5 25. b3 Rbd8 26. Rd1 d4 27. exd4 cxd4 28. Rd3 Re1+ 29. Kg2 Qe6 30. Qc6 Rd6 31. Qf3 Be7 32. Qa8+ Rd8 33. Qf3 Re4 34. Rc4 Bxh4 35. gxh4 Rg4+ 36. Kf1 Rxh4 37. Qg3 Qe4 38. f4 Rxf4+ 0-1

[Event "Belp op"]
[Site "Belp"]
[Date "2015.05.24"]
[Round "4"]
[White "Dill, Xaver"]
[Black "Claude, Roger Daniel"]
[Result "1-0"]
[WhiteElo "1971"]
[BlackElo "1785"]
[PlyCount "67"]
[EventDate "2015.05.23"]
[EventType "swiss"]
[EventRounds "5"]
[EventCountry "SUI"]
[SourceTitle "EXT 2016"]
[Source "ChessBase"]
[SourceDate "2015.10.08"]
[SourceVersion "1"]
[SourceVersionDate "2015.10.08"]
[SourceQuality "1"]

1. e4 c5 2. Nf3 d6 3. d4 cxd4 4. Nxd4 Nf6 5. f3 e5 6. Nb3 Be6 7. Nc3 Nc6 8. Be3 a6 9. Qd2 d5 10. exd5 Nxd5 11. Nxd5 Bxd5 12. 0-0-0 Bxb3 13. Qxd8+ Rxd8 14. Rxd8+ Nxd8 15. axb3 Nc6 16. c3 Bd6 17. Bd3 Ke7 18. Kc2 f6 19. Ra1 g6 20. Be4 Rc8 21. Kd2 Ke6 22. b4 f5 23. Bd3 Ne7 24. Bc2 Rc6 25. Bb3+ Kf6 26. Ke2 b5 27. Rd1 Bc7 28. Rd7 Bd6 29. Rd8 Nc8 30. Rd7 Rc7 31. Rd8 Rc6 32. Bh6 Rc7 33. h4 e4 34. Bg5+ 1-0